| 000 | 00000nam##2200000za#4500 |
| 001 | 9.663506 |
| 003 | CaOODSP |
| 005 | 20210615121054 |
| 007 | ta |
| 008 | 150407|2002||||xxc||||| f|0| 0 fre|d |
| 020 | |a0-662-66346-2 |
| 040 | |aCaOODSP|bfre |
| 041 | |aeng |
| 041 | |afre |
| 043 | |an-cn--- |
| 086 | 1 |aFs23-411/2002 |
| 110 | 1 |aCanada. |bMinistère des pêches et des océans. |
| 245 | 10|aPolitique du MPO en matière d'aquaculture |
| 260 | |aOttawa - Ontario : |bPêches et Océans Canada |c2002. |
| 300 | |aTexte français, 32p. : |bill. en couleur ; |c28 cm. |
| 546 | |aBilingue |
| 563 | |aCouverture souple |
| 590 | |a02-20|b2002-05-17 |
| 691 | 07|aAquaculture|2gcpds |
| 691 | 07|aMinistère du gouvernement fédéral|2gcpds |
| 691 | 07|aPolitique des pêches|2gcpds |
| 776 | 0#|tPolitique du MPO en matière d'aquaculture |w(CaOODSP)9.639791 |
| 776 | 0#|tDFO's aquaculture policy framework |w(CaOODSP)9.695658 |
| 791 | |tDFO's aquaculture policy framework |eeng|w(CaOODSP)9.663505 |